Tvorba modelu zváraného dielu pre potreby inšpekcie

Salvato in:
Dettagli Bibliografici
Autore principale: Mihálik, Jakub (Autore)
Altri autori: Dekan, Martin (Relatore della tesi)
Natura: Manoscritto Libro
Lingua:slovacco
Pubblicazione: Bratislava : STU v Bratislave FEI, 2024
Soggetti:
Accesso online:https://opac.crzp.sk/?fn=detailBiblioFormChildY1UQC5&sid=9A7D98113A4E7D6F06A972A0EB46&seo=CRZP-detail-kniha
Tags: Aggiungi Tag
Nessun Tag, puoi essere il primo ad aggiungerne!!

MARC

LEADER 00000ntm a22000003a 4500
001 stuzp96731
003 SK-STU
005 20250429144209.3
007 ta
008 150427s2015----xo-----f-mn---000-0-slo-d
040 |a STU  |b slo 
041 0 |a slo 
044 |a xo 
100 1 |a Mihálik, Jakub  |u 031000  |4 aut  |U FEI Fakulta elektrotechniky a informatiky  |T FEI Ústav robotiky a kybernetiky  |X 104270  |U E011  |Y 356  |7 104270 
242 0 1 |a Creation of a Model of a Welded Part for Inspection Purposes  |y eng 
245 1 0 |a Tvorba modelu zváraného dielu pre potreby inšpekcie 
260 |a Bratislava :  |b STU v Bratislave FEI,  |c 2024 
300 |a 86 s. 
650 4 |a robotický manipulátor  |2 slo 
650 4 |a point-cloud  |2 slo 
650 4 |a laserový diaľkomer  |2 slo 
650 4 |a EKI  |2 slo 
650 4 |a tvorba modelu  |2 slo 
650 4 |a mračno bodov  |2 slo 
650 4 |a KUKA  |2 slo 
650 4 |a point-cloud  |2 eng 
650 4 |a KUKA  |2 eng 
650 4 |a model creation  |2 eng 
650 4 |a robotic manipulator  |2 eng 
650 4 |a EKI  |2 eng 
650 4 |a laser scanner  |2 eng 
700 1 |a Dekan, Martin  |u 031000  |k Z1  |4 ths  |U FEI Fakulta elektrotechniky a informatiky  |T FEI Ústav robotiky a kybernetiky  |X 16569  |U E011  |Y 356  |7 A000016569 
856 4 |u https://opac.crzp.sk/?fn=detailBiblioFormChildY1UQC5&sid=9A7D98113A4E7D6F06A972A0EB46&seo=CRZP-detail-kniha